NFL Knowledge quiz - updated - extended - Statistics

General Stats
  • This quiz has been taken 29 times
  • The average score is 18 of 68
Answer Stats
Hint Answer % Correct
Who is the all time leader in receiving yards? Jerry Rice
100%
Who is the all time leader in rushing yards? Emmitt Smith
95%
Who is the all time leader in passing yards? Tom Brady
95%
What team won the first super bowl? Green Bay Packers
70%
Who has the record for the most passing yards in a season? Peyton Manning
60%
Who is the all time leader in receiving yards by a tight end? Tony Gonzalez
60%
Who is the all time leader in rushing yards by a QB? Lamar Jackson
55%
Who is the all time leader in field goals made? Adam Vinatieri
50%
Who has the record for most rushing yards in a season by a QB? Lamar Jackson
50%
Who has the record for most rushing yards in a season? Eric Dickerson
45%
Who has the record for most receiving yards in a season? Calvin Johnson
40%
What NFL player was nicknamed “Megatron”? Calvin Johnson
40%
What player played in an MBL and NFL game in the same day? Deion Sanders
40%
Who is the all time leader in receiving yards by a running back? Marshall Faulk
40%
What NFL player was nicknamed “Beast Mode”? Marshawn Lynch
40%
Who has the record for the most passing touchdowns in a season? Peyton Manning
40%
Who has the record for most sacks in a season? T.J Watt / Michael Strahan
40%
Who has the record for most receiving yards in a season by a tight end? Travis Kelce
40%
What was the only team to finish the regular and post season undefeated? 1972 Dolphins
35%
Who is the all time leader in sacks? Bruce Smith
35%
Who is the all time winningest head coach? Don Shula
35%
Who has the most MVP wins? Peyton Manning
35%
What is the game between the best players of the AFC and NFC called? Pro Bowl
35%
Who has the record for the most receiving touchdowns in a season? Randy Moss
35%
Who has the record for most receiving touchdowns in a season by a tight end? Rob Gronkowski
35%
Which famous coach is the Super Bowl trophy named after? Vince Lombardi
35%
What NFL player was nicknamed “Weapon X”? Brian Dawkins
30%
Who has the record for most kick return touchdowns in a career? Devin Hester
30%
What is the newest NFL team? Houston Texans
30%
Who is the only linebacker to ever win MVP? Lawrence Taylor
30%
Who has the record for most receptions in a season? Michael Thomas
30%
Who is the all time leader in tackles? Ray Lewis
30%
Where is the NFL Hall of fame located? Canton Ohio
25%
Who has the most DPOY wins? J.J Watt / Aaron Donald / Lawrence Taylor
25%
Who has the record for the most rushing touchdowns in a season? LaDanian Tomlinson
25%
What NFL team did legendary college football coach Nick Sabin coach for before returning to college football to coach at Alabama? Miami Dolphins
25%
Who was the first player to rush for 2000 or more yards in a single season? O.J Simpson
25%
What year was the first Super Bowl? 1967
20%
What league did the NFL merge with in 1966? AFL
20%
What piece of clothing are hall of fame players given? A gold jacket
20%
What coach has the most Super Bowl wins? Bill Belicheck
20%
Who is the all time leader in interceptions caught? Paul Krause
20%
Who is the only defensive lineman to win MVP? Alan Page
15%
What is the oldest NFL team? Arizona Cardinals
15%
Who has the record for most interceptions in a season? Dick Lane
15%
What NFL team relocated cities overnight? Indianapolis Colts
15%
What professional football league rivaled the NFL in the 1980’s and had players such as Jim Kelly and Reggie White start their careers with them instead of the NFL? USFL
15%
When was the first NFL game? 1920
10%
What is the only NFL team to never have had a top 3 draft pick? Baltimore Ravens
10%
Who has the record for most all purpose yards in a season? Darren Sproles
10%
Who is the only special teams player to win MVP? Mark Moseley
10%
What NFL team is the only team to have had to players rush for 2,000 yards in a season while a member of said team? Tennessee Titans
10%
Who is all time leader in pass deflections? Champ Bailey
5%
What hall of fame NFL coach is also the owner of a 5 time NASCAR cup series championship racing team? Joe Gibbs
5%
What NFL player has been signed to the most NFL teams? Josh Johnson
5%
What NFL coach is responsible for famous sayings such as “Commitment to Excellence” and “If you ain’t cheating you ain’t trying” Al Davis
0%
What NFL team drafted actor John Wayne in 1971 while Wayne was 63? Atlanta Falcons
0%
What is the NFL’s oldest rivalry? Bears vs. Packers
0%
What NFL player was nicknamed iron man? Chuck Bednarik
0%
Who has the record for most receiving yards in a season by a running back? Del Shofner
0%
Name a player who won a Super Bowl, a heisman, and Super Bowl MVP Desmond Howard/ Marcus Allen
0%
What NFL Hall of Famer played all of his college football at a community college? Dick “Night Train” Lane
0%
Who is the all time leader in safeties? Justin Houston/ Jared Allen/ Doug English
0%
Who has the most OPOY wins? Marshall Faulk / Earl Campbell
0%
Who is the all time leader in forced fumbles? Robert Mathis
0%
Who is the all time leader in pick sixes? Rod Woodson
0%
Who is the all time leader in rushing yards by a wide reciever Tavon Austin
0%
What phrase was used by fans, media, and even Bill Belicheck himself to describe his way of coaching and the standard he held his players to? The Patriot Way
0%
No matching quizzes found
Score Distribution
Percent of People with Each Score
Percentile by Number Answered
Your Score History
You have not taken this quiz